000 00440nam a2200169Ia 4500
003 GCL
008 140319s9999 xx 000 0 eng d
040 _aGCL /
_cGCL
082 0 4 _a843
_bB M
100 1 _aDE BEAUVOIR, SIMONE
245 1 0 _aMEMOIRES D'UNE JEUNE FILLE RANGEE /
_cDE BEAUVOIR, SIMONE
260 _a[S.N] :
_bGALLIMARD ،
_c1958
300 _a502 P
650 0 4 _aLITERATURE
650 0 4 _aFRENCH LITERATURE
942 _2ddc
_cBK
999 _c22100
_d22100